[Event "TUN-chTB"]
[Site "Hammamet"]
[Date "2019.03.10"]
[Round "5.1"]
[White "Ferjaoui, Khaled"]
[Black "Shili, Mohamed"]
[Result "0-1"]
[WhiteElo "1732"]
[BlackElo "1840"]
[PlyCount "48"]
[EventDate "2019.02.09"]
[EventType "team-tourn"]
[EventRounds "11"]
[EventCountry "TUN"]
[SourceTitle "EXT 2021"]
[Source "ChessBase"]
[SourceDate "2020.10.23"]
[SourceVersion "1"]
[SourceVersionDate "2020.10.23"]
[SourceQuality "1"]

1. d4 d5 2. Nf3 Nf6 3. c4 c6 4. Nc3 e6 5. a4 Be7 6. g3 0-0 7. Bg2 Nbd7 8. a5 a6 9. cxd5 exd5 10. 0-0 Bd6 11. Re1 Re8 12. Qc2 Nf8 13. Qb3 h6 14. e3 Qc7 15. Rd1 Bg4 16. Bd2 Ne4 17. h3 Be6 18. Qb6 Qc8 19. Rdc1 Nd7 20. Qb3 Ndf6 21. Qc2 Bxh3 22. Ne5 Bxg2 23. Kxg2 Bxe5 24. dxe5 Rxe5 0-1

[Event "Francophone-ch 5th"]
[Site "Yasmine Hammamet"]
[Date "2017.10.28"]
[Round "1"]
[White "Shili, Mohamed"]
[Black "Zaibi, Amir"]
[Result "0-1"]
[WhiteElo "1886"]
[BlackElo "2367"]
[PlyCount "54"]
[EventDate "2017.10.28"]
[EventType "swiss"]
[EventRounds "9"]
[EventCountry "TUN"]
[SourceTitle "EXT 2019"]
[Source "ChessBase"]
[SourceDate "2018.10.10"]
[SourceVersion "1"]
[SourceVersionDate "2018.10.10"]
[SourceQuality "1"]

1. e4 c5 2. Nf3 e6 3. c3 d5 4. exd5 exd5 5. d4 Nc6 6. Be3 cxd4 7. Nxd4 Nf6 8. Be2 Be7 9. Nd2 0-0 10. 0-0 Re8 11. Re1 Bd7 12. Nf1 Ne4 13. Bd3 Ne5 14. Be2 Nc4 15. Qc2 Bd6 16. Rad1 Nxe3 17. Nxe3 Bxh2+ 18. Kf1 Nxf2 19. Kxf2 Qh4+ 20. Kf1 Rxe3 21. Bf3 Rxe1+ 22. Rxe1 Bg3 23. Re3 Rc8 24. Qb3 Qh6 25. Ke2 Qa6+ 26. Rd3 Re8+ 27. Kd2 Bf4+ 0-1